| 000 | 00619nam a2200205Ii 4500 | ||
|---|---|---|---|
| 003 | JO-AjNU | ||
| 008 | 230606s9999||||xx |||||||||||||| ||und|| | ||
| 020 | _a978-0-521-88366-5 | ||
| 040 |
_aJO-AjNU _beng _erda _cJO-AjNU |
||
| 041 | _aeng | ||
| 050 | 1 | 4 | _aPS3511.I9.B3 2008 |
| 100 | 3 |
_awest, scott, _eauthor _92625 |
|
| 245 | 0 | 4 | _athe Beautiful and Damined:f.scott Fitzerald |
| 264 | 3 | 1 | _aAmerican :cambridge ,2008 |
| 300 | _a422p | ||
| 336 |
_atext _btxt _2rdacontent |
||
| 337 |
_aunmediated _bn _2rdamedia |
||
| 338 |
_avolume _bnc _2rdacarrier |
||
| 650 | 4 |
_athe Beautiful and Damined:f.scott Fitzerald _92626 |
|
| 999 |
_aE1372 _c1372 _d1372 |
||